| 000 | 00471nam a22002057a 4500 | ||
|---|---|---|---|
| 001 | sjds | ||
| 003 | sjds | ||
| 005 | 20240317200836.0 | ||
| 008 | 220524b arg||||| |||| 00| 0 spa d | ||
| 020 | _a9789501106114 | ||
| 020 | _a950110611x | ||
| 020 | _a9789501180473 (series) | ||
| 040 | _csjds | ||
| 041 |
_aspa _heng |
||
| 100 | 1 | 0 | _aSmith, Kathie Billingslea |
| 245 | 1 | 0 | _aPor que? |
| 260 |
_bSigmar, _cc1987 |
||
| 440 | _aColeccion mil preguntas | ||
| 942 | _cBK | ||
| 999 |
_c27032 _d27032 |
||